| 000 | 00891nam a2200229Ii 4500 | ||
|---|---|---|---|
| 003 | JO-AjNU | ||
| 008 | 230605s9999||||xx |||||||||||||| ||und|| | ||
| 017 | _a2015/5319 | ||
| 020 | _a978-977-6460-39-3 | ||
| 040 |
_aJO-AjNU _bara _erda _cJO-AjNU |
||
| 041 | _aara | ||
| 050 | 1 | 4 | _aBP134.L67.H37 2016 |
| 100 | 3 |
_aتاليف الهاشمي، غازي بن محمد بن طلال, _eauthor _953191 |
|
| 245 | 0 | 0 | _aالحب في القرآن الكريم = Love in the HOLY QUR<AN |
| 250 | _aط10 | ||
| 264 | 3 | 1 | _aالقاهرة: دار القدس العربي، 2016 |
| 300 |
_a542ص _bيشتمل على ببلوغرافيا من ص(517-530) |
||
| 336 |
_atext _btxt _2rdacontent |
||
| 337 |
_aunmediated _bn _2rdamedia |
||
| 338 |
_avolume _bnc _2rdacarrier |
||
| 650 | 4 |
_aالحب في القران - الاسلام والحب - القران والعلاقات الانسانية _953192 |
|
| 999 |
_aA23608 _c27176 _d27176 |
||